Catálogo

Dramaturgia poblana contemporánea : (Registro nro. 26260)

Detalles MARC
000 -LEADER
fixed length control field 01480cam a2200349 i 4500
001 - CONTROL NUMBER
control field 26260
003 - CONTROL NUMBER IDENTIFIER
control field Mx-PuUPA
005 - DATE AND TIME OF LATEST TRANSACTION
control field 20191016091028.0
008 - FIXED-LENGTH DATA ELEMENTS--GENERAL INFORMATION
fixed length control field 140415s2018 mx gr 001 0 spa d
020 ## - INTERNATIONAL STANDARD BOOK NUMBER
International Standard Book Number 9786078584130
040 ## - CATALOGING SOURCE
Original cataloging agency Mx-PuUPA
Language of cataloging spa
Transcribing agency Mx-PuUPA
Modifying agency Mx-PuUPA
Description conventions rda
041 0# - LANGUAGE CODE
Language code of text/sound track or separate title spa
245 10 - TITLE STATEMENT
Title Dramaturgia poblana contemporánea :
Remainder of title antología /
Statement of responsibility, etc. Lucero Troncoso, Rodolfo García Cruz, Francisco Maldonado, [y otros siete] ; compilación y prólogo Laura Fernández
250 ## - EDITION STATEMENT
Edition statement Primera edición
264 #4 - PRODUCTION, PUBLICATION, DISTRIBUTION, MANUFACTURE, AND COPYRIGHT NOTICE
Place of production, publication, distribution, manufacture Ciudad de México :
Name of producer, publisher, distributor, manufacturer Toma, Ediciones y Producciones Escénicas y Cinematográficas,
Date of production, publication, distribution, manufacture, or copyright notice 2018
300 ## - PHYSICAL DESCRIPTION
Extent 393 páginas ;
Dimensions 21 cm
336 ## - CONTENT TYPE
Content type term texto
Fuente rdacontent
Content type code txt
337 ## - MEDIA TYPE
Media type term sin medio
Source rdamedia
Media type code n
338 ## - CARRIER TYPE
Carrier type term volumen
Source rdacarrier
Carrier type code nc
490 0# - SERIES STATEMENT
Series statement Colección de artes escénicas ; Serie Dramaturgia
500 ## - GENERAL NOTE
General note Publicado con el apoyo: Secretaría de Cultura, Secretaría de Cultura y Turismo de Puebla y Gobierno del Estado de Puebla. -- Página legal
650 #4 - SUBJECT ADDED ENTRY--TOPICAL TERM
Topical term or geographic name entry element Drama mexicano
Chronological subdivision Siglo XXI
Geographic subdivision Puebla
650 #4 - SUBJECT ADDED ENTRY--TOPICAL TERM
Topical term or geographic name entry element Dramaturgos mexicanos
Chronological subdivision Siglo XXI
Geographic subdivision Puebla
700 1# - ADDED ENTRY--PERSONAL NAME
Personal name Troncoso, Lucero,
Relator term autor
9 (RLIN) 10045
700 1# - ADDED ENTRY--PERSONAL NAME
Personal name García Cruz, Rodolfo,
Relator term autor
700 1# - ADDED ENTRY--PERSONAL NAME
Personal name Maldonado, Francisco,
Relator term autor
700 1# - ADDED ENTRY--PERSONAL NAME
Personal name Fernández, Laura,
Relator term compilador
942 ## - ADDED ENTRY ELEMENTS (KOHA)
Source of classification or shelving scheme Dewey Decimal Classification
Koha item type Libro
Classification part 862.508
Item part D756
Existencias
Withdrawn status Lost status Source of classification or shelving scheme Damaged status Not for loan Collection code Home library Current library Shelving location Date acquired Source of acquisition Total Checkouts Full call number Barcode Date last seen Price effective from Koha item type
    Dewey Decimal Classification     General Biblioteca Karol Wojtyla Biblioteca Karol Wojtyla Sala general 03/12/2013 Compra   862.508 D756 2018 48821 05/01/2026 03/12/2013 Libro